00466nam a2200169Ia 4500003000900000008004100009020001800050040001600068080001500084100002200099245005000121250001300171260003000184300001300214650002800227650004100255IN-BaIIA211028s9999 xx 000 0 eng d a0-396-01919-6 cIIA Library a520.2bWOO aWoodbury, David O 4aThe Glass giant of palomarcDavid O. Woodbury aRev. ed. aNew YorkbDodd Meadc1970 ax, 390p. aAstronomical telescopes aAstronomy and astrophysics thesaurus